000 00577nam a2200193Ia 4500
003 IN-BaIIA
008 211028s9999 xx 000 0 eng d
020 _a3-540-57983-4
040 _cIIA Library
080 _a521.131
_bGAL
100 _aContopoulos, G
_99668
245 0 _aGalactic dynamics and N-body simulations
_cG. Contopoulos
260 _aBerlin
_bSpringer-Verlag
_c1994
300 _a[various pagings.]
650 _aGalactic dynamics
_91517
650 _aN-Body
_920187
650 _aSimulations
_920040
942 _cBK
999 _c11675
_d11675